[Event "ISR-chT (Women)"]
[Site "Tel Aviv"]
[Date "2021.10.28"]
[Round "1.1"]
[White "Efroimski, Marsel"]
[Black "Len, Irina"]
[Result "1-0"]
[WhiteElo "2417"]
[BlackElo "2006"]
[PlyCount "127"]
[EventDate "2021.10.28"]
[EventType "team-swiss"]
[EventRounds "5"]
[EventCountry "ISR"]
[SourceTitle "CBM 204 Extra"]
[Source "ChessBase"]
[SourceDate "2021.11.30"]
[SourceVersion "1"]
[SourceVersionDate "2021.11.30"]
[SourceQuality "1"]
[WhiteTeam "Rishon Le Zion (W)"]
[BlackTeam "Herzliya (W)"]
[WhiteTeamCountry "ISR"]
[BlackTeamCountry "ISR"]

1. e4 d5 2. exd5 Qxd5 3. Nc3 Qd8 4. d4 Nf6 5. Nf3 e6 6. Bc4 a6 7. Qe2 b5 8. Bb3 c5 9. dxc5 Bxc5 10. Bg5 0-0 11. Ne4 Be7 12. Rd1 Nbd7 13. 0-0 Qc7 14. Bh4 Bb7 15. Bg3 Qb6 16. Nxf6+ Nxf6 17. c3 Rad8 18. Bh4 Rfe8 19. Ne5 Bd5 20. Bc2 Qb7 21. f4 Rc8 22. a4 Bc5+ 23. Kh1 Nd7 24. axb5 axb5 25. Nxd7 Qxd7 26. Qd3 f5 27. Bb3 Qf7 28. Bxd5 exd5 29. Qxb5 Re4 30. b4 Bf8 31. Rd3 Rcc4 32. Rxd5 Rxc3 33. Rxf5 Qc4 34. h3 Qxb5 35. Rxb5 Bxb4 36. Rb8+ Bf8 37. Rb2 Bd6 38. Rbf2 h6 39. Bd8 Rc8 40. Ba5 Rc5 41. Bd2 Rc2 42. g4 Rd4 43. Be3 Rxf2 44. Rxf2 Rd3 45. Re2 Kf7 46. Kg2 Kf6 47. Kf3 Ra3 48. Rc2 Ke6 49. Rc4 Kd5 50. Rd4+ Ke6 51. Re4+ Kf7 52. Rc4 Ke6 53. Ke4 Be7 54. Rc6+ Kd7 55. Rc4 Bf6 56. g5 hxg5 57. fxg5 Ba1 58. h4 Ra6 59. h5 Re6+ 60. Kf4 Be5+ 61. Kf5 Bd6 62. Bd4 Bf8 63. Rc7+ Kd6 64. Rc6+ 1-0

[Event "EU-Cup (Women) 24th"]
[Site "Ulcinj"]
[Date "2019.11.16"]
[Round "7.5"]
[White "Len, Irina"]
[Black "Gunina, Valentina"]
[Result "0-1"]
[WhiteElo "2036"]
[BlackElo "2509"]
[PlyCount "84"]
[EventDate "2019.11.10"]
[EventType "team-swiss"]
[EventRounds "7"]
[EventCountry "MNE"]
[SourceTitle "CBM 193 Extra"]
[Source "ChessBase"]
[SourceDate "2020.01.31"]
[SourceVersion "1"]
[SourceVersionDate "2020.01.31"]
[SourceQuality "1"]
[WhiteTeam "Herzliya (W)"]
[BlackTeam "Maribor (W)"]
[WhiteTeamCountry "ISR"]
[BlackTeamCountry "SLO"]

1. d4 Nf6 2. Nf3 e6 3. e3 c5 4. Bd3 Nc6 5. 0-0 b6 6. b3 Bb7 7. Nbd2 Qc7 8. a3 d5 9. Bb2 Be7 10. Rc1 0-0 11. Qe2 Rfd8 12. Ne5 Nxe5 13. dxe5 Ne4 14. Bxe4 dxe4 15. Rfd1 Rd5 16. Qg4 Rad8 17. Nc4 g6 18. Re1 R8d7 19. a4 Qd8 20. h3 Bf8 21. Bc3 h5 22. Qf4 Ba8 23. g4 g5 24. Qg3 h4 25. Qg2 Bb7 26. Kh2 Bg7 27. Kg1 Rd1 28. Rcxd1 Rxd1 29. Qf1 Rxe1 30. Qxe1 Qd5 31. Qa1 Ba6 32. Nd2 Bf8 33. Qe1 Be7 34. f3 exf3 35. e4 Qc6 36. Nxf3 c4 37. b4 Bb7 38. Nd2 Qxa4 39. Qb1 Qa3 40. Bd4 Qg3+ 41. Kf1 Qxh3+ 42. Ke2 Qxg4+ 0-1

[Event "EU-Cup (Women) 24th"]
[Site "Ulcinj"]
[Date "2019.11.13"]
[Round "4.7"]
[White "Len, Irina"]
[Black "Rapport, Jovana"]
[Result "1/2-1/2"]
[WhiteElo "2036"]
[BlackElo "2379"]
[PlyCount "145"]
[EventDate "2019.11.10"]
[EventType "team-swiss"]
[EventRounds "7"]
[EventCountry "MNE"]
[SourceTitle "CBM 193 Extra"]
[Source "ChessBase"]
[SourceDate "2020.01.31"]
[SourceVersion "1"]
[SourceVersionDate "2020.01.31"]
[SourceQuality "1"]
[WhiteTeam "Herzliya (W)"]
[BlackTeam "MNE (W)"]
[WhiteTeamCountry "ISR"]
[BlackTeamCountry "MNE"]

1. d4 Nf6 2. c4 e6 3. Nf3 b6 4. g3 Bb7 5. Bg2 Be7 6. 0-0 0-0 7. Nc3 Ne4 8. Qc2 Nxc3 9. Qxc3 c5 10. dxc5 bxc5 11. Rd1 d6 12. Bf4 Qb6 13. Bg5 Nc6 14. Bxe7 Nxe7 15. Rac1 Rfd8 16. Rd2 a5 17. Qe3 Rab8 18. Qf4 Ng6 19. Qe3 a4 20. h4 Bxf3 21. Bxf3 Ne5 22. Be4 Qb4 23. Rdc2 f5 24. Bg2 Re8 25. h5 h6 26. f4 Ng4 27. Qd3 Nf6 28. Bf3 Red8 29. Kg2 Qb6 30. Qa3 Qa6 31. Rd1 Rb4 32. Qe3 Kf7 33. Qd3 Rdb8 34. Rdd2 Ke7 35. Kf2 R8b6 36. Ke1 Qc8 37. e4 fxe4 38. Bxe4 Qb8 39. Qe2 Nxe4 40. Qxe4 Rxb2 41. Qg6 Rb1+ 42. Kf2 Qf8 43. Qg4 Qf6 44. Qf3 Qa1 45. Qa8 Rf1+ 46. Kg2 Rh1 47. Rf2 Qg1+ 48. Kf3 Qd1+ 49. Rce2 Rb2 50. Qe4 Rxe2 51. Rxe2 Qf1+ 52. Ke3 Qb1 53. Qc6 Qc1+ 54. Kf3 Qf1+ 55. Ke3 Qc1+ 56. Kf3 Rf1+ 57. Kg4 Qd1 58. Qc7+ Kf6 59. Qd8+ Kf7 60. Qd7+ Kg8 61. Qxe6+ Kh7 62. Qe4+ Kg8 63. Qe6+ Kh7 64. Kf5 Qd3+ 65. Re4 Rb1 66. Qg6+ Kg8 67. Qe8+ Kh7 68. g4 d5 69. Qg6+ Kh8 70. Qe8+ Kh7 71. Qg6+ Kh8 72. Qe8+ Kh7 73. Qg6+ 1/2-1/2

[Event "ISR-ch (Women)"]
[Site "Tiberias"]
[Date "2016.12.08"]
[Round "4"]
[White "Vardi, Shlomit"]
[Black "Len, Irina"]
[Result "1/2-1/2"]
[WhiteElo "1926"]
[BlackElo "2140"]
[PlyCount "37"]
[EventDate "2016.12.05"]
[EventType "swiss"]
[EventRounds "9"]
[EventCountry "ISR"]
[SourceTitle "CBM 176 Extra"]
[Source "ChessBase"]
[SourceDate "2017.03.02"]
[SourceVersion "1"]
[SourceVersionDate "2017.03.02"]
[SourceQuality "1"]

1. e4 d5 2. exd5 Qxd5 3. Nc3 Qd6 4. d4 Nf6 5. Bc4 a6 6. Bb3 Nc6 7. Nge2 e5 8. dxe5 Qxd1+ 9. Nxd1 Nxe5 10. 0-0 Bd6 11. Ndc3 0-0 12. Bg5 Ned7 13. Bf4 Bxf4 14. Nxf4 c6 15. Rfe1 Nc5 16. Re7 Rb8 17. Rae1 Bf5 18. f3 Nxb3 19. axb3 1/2-1/2

[Event "EU-Cup (Women) 20th"]
[Site "Skopje"]
[Date "2015.10.23"]
[Round "6.1"]
[White "Len, Irina"]
[Black "Stetsko, Lanita"]
[Result "0-1"]
[WhiteElo "2127"]
[BlackElo "2278"]
[PlyCount "77"]
[EventDate "2015.10.18"]
[EventType "team-swiss"]
[EventRounds "7"]
[EventCountry "MKD"]
[SourceTitle "CBM 168 Extra"]
[Source "ChessBase"]
[SourceDate "2015.10.29"]
[SourceVersion "1"]
[SourceVersionDate "2015.10.29"]
[SourceQuality "1"]
[WhiteTeam "Herzliya (W)"]
[BlackTeam "Bossa Nova (W)"]
[WhiteTeamCountry "ISR"]
[BlackTeamCountry "BLR"]

1. d4 Nf6 2. Nf3 d5 3. e3 e6 4. Bd3 b6 5. 0-0 Bb7 6. b3 Bd6 7. Bb2 0-0 8. Ne5 c5 9. Nd2 Nc6 10. a3 Rc8 11. f4 Ne7 12. Qe2 Ne4 13. Rf3 f6 14. Ng4 c4 15. bxc4 Nxd2 16. Qxd2 dxc4 17. Be2 Bxf3 18. Bxf3 c3 19. Bxc3 Qc7 20. Bb4 Bxb4 21. Qxb4 Qc3 22. Qxc3 Rxc3 23. e4 Rxc2 24. d5 exd5 25. exd5 Rfc8 26. d6 Rc1+ 27. Rxc1 Rxc1+ 28. Kf2 Nc6 29. Ne3 Kf7 30. Bd5+ Ke8 31. Be6 Nd8 32. Bh3 g6 33. Nd5 f5 34. Nf6+ Kf7 35. Nxh7 Ne6 36. g4 Nxf4 37. gxf5 Nxh3+ 38. Kg3 Rc3+ 39. Kg4 0-1

[Event "EU-Cup (Women) 20th"]
[Site "Skopje"]
[Date "2015.10.22"]
[Round "5.1"]
[White "Len, Irina"]
[Black "Efroimski, Marsel"]
[Result "1-0"]
[WhiteElo "2127"]
[BlackElo "2255"]
[PlyCount "75"]
[EventDate "2015.10.18"]
[EventType "team-swiss"]
[EventRounds "7"]
[EventCountry "MKD"]
[SourceTitle "CBM 168 Extra"]
[Source "ChessBase"]
[SourceDate "2015.10.29"]
[SourceVersion "1"]
[SourceVersionDate "2015.10.29"]
[SourceQuality "1"]
[WhiteTeam "Herzliya (W)"]
[BlackTeam "Rishon Le Zion (W)"]
[WhiteTeamCountry "ISR"]
[BlackTeamCountry "ISR"]

1. d4 Nf6 2. Bg5 Ne4 3. Bf4 d5 4. Nf3 c5 5. dxc5 e6 6. Nbd2 Nxd2 7. Qxd2 Bxc5 8. e3 0-0 9. Bd3 Nc6 10. c3 f6 11. Qc2 e5 12. Bxh7+ Kh8 13. Qg6 exf4 14. Qh5 Bg4 15. Qh4 f5 16. Ng5 Qxg5 17. Qxg5 Be7 18. Qxf4 Kxh7 19. f3 Bh5 20. 0-0-0 Rad8 21. Rhe1 Rd7 22. Qa4 Bg6 23. h4 Kg8 24. Rh1 Bc5 25. Qf4 Re8 26. Rhe1 Rde7 27. Rd3 Re6 28. Kd1 Bd6 29. Qa4 f4 30. Rxd5 fxe3 31. Ke2 Ne7 32. Rg5 Rd8 33. Qg4 Bd3+ 34. Kxd3 Bg3+ 35. Kc2 Rd2+ 36. Kc1 Bxe1 37. Qxe6+ Kf8 38. Qxe3 1-0

[Event "EU-Cup (Women) 20th"]
[Site "Skopje"]
[Date "2015.10.18"]
[Round "1.1"]
[White "Len, Irina"]
[Black "Haast, Anne"]
[Result "1-0"]
[WhiteElo "2127"]
[BlackElo "2384"]
[PlyCount "75"]
[EventDate "2015.10.18"]
[EventType "team-swiss"]
[EventRounds "7"]
[EventCountry "MKD"]
[SourceTitle "CBM 168 Extra"]
[Source "ChessBase"]
[SourceDate "2015.10.29"]
[SourceVersion "1"]
[SourceVersionDate "2015.10.29"]
[SourceQuality "1"]
[WhiteTeam "Herzliya (W)"]
[BlackTeam "De Stukkenjagers (W)"]
[WhiteTeamCountry "ISR"]
[BlackTeamCountry "NED"]

1. d4 Nf6 2. c4 g6 3. Nc3 Bg7 4. e4 d6 5. f3 0-0 6. Be3 c5 7. dxc5 dxc5 8. Qxd8 Rxd8 9. Bxc5 Nc6 10. Rd1 Rxd1+ 11. Kxd1 b6 12. Be3 e6 13. c5 bxc5 14. Bxc5 Nd7 15. Be3 Nb6 16. Nh3 Bb7 17. Nf2 Ne5 18. Kc2 Nec4 19. Bc1 Rc8 20. Nfd1 a5 21. b3 Ne5 22. Be3 Nbd7 23. Bb5 Nc6 24. Kb2 f5 25. Kb1 Kf7 26. exf5 gxf5 27. Re1 Bf6 28. Re2 Nf8 29. Rd2 Ne5 30. Na4 Nfg6 31. Bb6 Nh4 32. Bf1 Bc6 33. Nab2 Nhxf3 34. gxf3 Nxf3 35. Rf2 Ne1 36. Rd2 Be4+ 37. Nd3 Bg5 38. Be3 1-0

[Event "ISR-ch (Women)"]
[Site "Beersheba"]
[Date "2014.06.18"]
[Round "2"]
[White "Caspi, Tamar"]
[Black "Len, Irina"]
[Result "0-1"]
[WhiteElo "1701"]
[BlackElo "2143"]
[PlyCount "70"]
[EventDate "2014.06.17"]
[EventType "tourn"]
[EventRounds "9"]
[EventCountry "ISR"]
[SourceTitle "CBM 161 Extra"]
[Source "ChessBase"]
[SourceDate "2014.08.29"]
[SourceVersion "1"]
[SourceVersionDate "2014.08.29"]
[SourceQuality "1"]

1. e4 d5 2. exd5 Nf6 3. d4 Nxd5 4. Nf3 c6 5. Be2 Bf5 6. a3 e6 7. c4 Nb6 8. 0-0 Be7 9. Be3 0-0 10. Nbd2 N8d7 11. Nb3 Qc7 12. Bd3 Bg6 13. Bxg6 hxg6 14. Qe2 Rfe8 15. Rfd1 Rad8 16. Rac1 Bf6 17. Ng5 c5 18. Nxc5 Nxc5 19. dxc5 Na4 20. Ne4 Bxb2 21. Rc2 Be5 22. f4 Bxf4 23. Bxf4 Qxf4 24. Rf1 Qe5 25. Rxf7 Nxc5 26. Nxc5 Qxe2 27. Rxe2 Kxf7 28. Nxb7 Rd3 29. a4 e5 30. c5 Ke6 31. c6 Rc3 32. Rd2 e4 33. Re2 Ke5 34. Rxe4+ Kxe4 35. Nd6+ Ke3 0-1

[Event "ISR-ch (Women)"]
[Site "Acre"]
[Date "2013.04.10"]
[Round "5"]
[White "Bejashvili, Irma"]
[Black "Len, Irina"]
[Result "1/2-1/2"]
[WhiteElo "1876"]
[BlackElo "2091"]
[PlyCount "128"]
[EventDate "2013.04.06"]
[EventType "swiss"]
[EventRounds "9"]
[EventCountry "ISR"]
[SourceTitle "CBM 153 Extra"]
[Source "ChessBase"]
[SourceDate "2013.04.22"]
[SourceVersion "1"]
[SourceVersionDate "2013.04.22"]
[SourceQuality "1"]

1. e4 d5 2. exd5 Nf6 3. Nf3 Nxd5 4. d4 c6 5. c4 Nb6 6. Bd3 Bg4 7. Be3 e6 8. 0-0 Be7 9. Nc3 N8d7 10. Rc1 0-0 11. Re1 Re8 12. h3 Bh5 13. d5 exd5 14. cxd5 cxd5 15. Nxd5 Nxd5 16. Bxh7+ Kxh7 17. Qxd5 Bxf3 18. Qxf3 Nf6 19. Qxb7 Qa5 20. Bd4 Bd6 21. Bc3 Qxa2 22. b3 Bc5 23. Qf3 Bb6 24. Bxf6 Rac8 25. Bh4 Qd2 26. Qf5+ Kg8 27. Rxc8 Qxe1+ 28. Kh2 g6 29. Rxe8+ Qxe8 30. Qf3 Qe5+ 31. Bg3 Qb2 32. h4 Bd4 33. Qe4 Kg7 34. Qd5 f6 35. Qd7+ Kh6 36. Bf4+ g5 37. hxg5+ fxg5 38. Qe6+ Bf6 39. Qh3+ Kg7 40. Qd7+ Kh8 41. Qh3+ Kg8 42. Qg3 Kf7 43. Bxg5 Bxg5 44. Qxg5 Qxf2 45. Qg3 Qd4 46. Qf3+ Ke7 47. Kg3 a5 48. Qb7+ Kd8 49. Qa8+ Ke7 50. Qxa5 Qe3+ 51. Kg4 Qxb3 52. Qg5+ Ke8 53. Kh5 Qd1+ 54. g4 Qh1+ 55. Kg6 Qc6+ 56. Kh7 Qb7+ 57. Qg7 Qh1+ 58. Kg8 Qd5+ 59. Kh8 Qh1+ 60. Qh7 Qa1+ 61. Qg7 Qh1+ 62. Kg8 Qd5+ 63. Kh7 Qh1+ 64. Qh6 Qb7+ 1/2-1/2

[Event "ISR-ch (Women)"]
[Site "Acre"]
[Date "2013.04.07"]
[Round "2"]
[White "Len, Irina"]
[Black "Lian, Marina"]
[Result "1-0"]
[WhiteElo "2091"]
[BlackElo "1874"]
[PlyCount "75"]
[EventDate "2013.04.06"]
[EventType "swiss"]
[EventRounds "9"]
[EventCountry "ISR"]
[SourceTitle "CBM 153 Extra"]
[Source "ChessBase"]
[SourceDate "2013.04.22"]
[SourceVersion "1"]
[SourceVersionDate "2013.04.22"]
[SourceQuality "1"]

1. d4 Nf6 2. c4 e6 3. Nf3 b6 4. g3 Bb7 5. Bg2 c5 6. 0-0 cxd4 7. Qxd4 Nc6 8. Qd1 Be7 9. Nc3 0-0 10. h3 d6 11. Bf4 a6 12. Rc1 Qc7 13. Nd5 exd5 14. cxd5 Nxd5 15. Qxd5 Rac8 16. Rfd1 Rfd8 17. Ng5 Bf8 18. Qd3 g6 19. Bd5 Rd7 20. h4 Qd8 21. Qf3 Na5 22. h5 Rxc1 23. Rxc1 Qf6 24. hxg6 hxg6 25. b4 Bxd5 26. Qxd5 Nb7 27. Qc6 Qe7 28. e3 f6 29. Qd5+ Kg7 30. Ne6+ Kh8 31. Kg2 Qf7 32. e4 g5 33. Rc8 Nd8 34. Nxf8 Qxf8 35. Be3 Kg7 36. Bxb6 Qe7 37. a4 Rb7 38. Bxd8 1-0

[Event "EU-Cup (Women) 15th"]
[Site "Plovdiv"]
[Date "2010.10.22"]
[Round "6.2"]
[White "Johnsen, Sylvia"]
[Black "Len, Irina"]
[Result "0-1"]
[WhiteElo "2030"]
[BlackElo "2065"]
[PlyCount "72"]
[EventDate "2010.10.17"]
[EventType "team-swiss"]
[EventRounds "7"]
[EventCountry "BUL"]
[SourceTitle "CBM 138 Extra"]
[Source "ChessBase"]
[SourceDate "2010.10.29"]
[SourceVersion "1"]
[SourceVersionDate "2010.10.29"]
[SourceQuality "1"]
[WhiteTeam "Oslo Schakselskap (W)"]
[BlackTeam "Herzliya (W)"]
[WhiteTeamCountry "NOR"]
[BlackTeamCountry "ISR"]

1. e4 d5 2. exd5 Nf6 3. Nf3 Nxd5 4. d4 Bg4 5. Be2 e6 6. 0-0 Be7 7. Ne5 Bxe2 8. Qxe2 0-0 9. c4 Nb6 10. Be3 N8d7 11. Nc3 Re8 12. Rad1 c6 13. Ne4 f6 14. Nf3 Qc7 15. b3 Nf8 16. Rd3 Ng6 17. Nc3 Rad8 18. Rfd1 Bb4 19. g3 Nc8 20. h4 Qa5 21. Bd2 Qf5 22. Qe4 Qh3 23. Nh2 e5 24. d5 f5 25. g4 Qxh2+ 26. Kxh2 fxe4 27. Nxe4 Bxd2 28. R1xd2 Nf4 29. Rc3 cxd5 30. cxd5 Rxd5 31. Rdc2 Nd6 32. Ng5 h6 33. Nf3 Rd3 34. Rxd3 Nxd3 35. g5 Rf8 36. Kg3 Rxf3+ 0-1

[Event "EU-Cup (Women) 15th"]
[Site "Plovdiv"]
[Date "2010.10.21"]
[Round "5.2"]
[White "Munguntuul, Batkhuyag"]
[Black "Len, Irina"]
[Result "0-1"]
[WhiteElo "2261"]
[BlackElo "2065"]
[PlyCount "74"]
[EventDate "2010.10.17"]
[EventType "team-swiss"]
[EventRounds "7"]
[EventCountry "BUL"]
[SourceTitle "CBM 138 Extra"]
[Source "ChessBase"]
[SourceDate "2010.10.29"]
[SourceVersion "1"]
[SourceVersionDate "2010.10.29"]
[SourceQuality "1"]
[WhiteTeam "Giprorechtrans (W)"]
[BlackTeam "Herzliya (W)"]
[WhiteTeamCountry "RUS"]
[BlackTeamCountry "ISR"]

1. d4 d5 2. Nf3 e6 3. Bf4 f5 4. e3 Nf6 5. Bd3 Be7 6. h3 Nbd7 7. g4 Ne4 8. Nbd2 c5 9. c3 c4 10. Be2 b5 11. Rg1 0-0 12. Qc2 b4 13. gxf5 exf5 14. Bh6 Rf7 15. Nxc4 Bh4 16. 0-0-0 bxc3 17. Nd6 cxb2+ 18. Kb1 Nxd6 19. Nxh4 Qxh4 20. Qc6 Qxh6 21. Qxa8 Nb6 22. Qc6 Bb7 23. Qc5 Ne4 24. Qc2 Na4 25. Rd3 Qc6 26. Qxc6 Bxc6 27. Bd1 Rb7 28. Bxa4 Bxa4 29. f3 Bb5 30. Rb3 Nd2+ 31. Kxb2 Nxb3 32. Kxb3 Be2+ 33. Ka4 Bxf3 34. Ka5 Be2 35. a4 Rb3 36. Rg3 f4 37. Rg5 fxe3 0-1

[Event "EU-Cup (Women) 13th"]
[Site "Kallithea"]
[Date "2008.10.19"]
[Round "3"]
[White "Paganoglou, Anastasia"]
[Black "Len, Irina"]
[Result "0-1"]
[WhiteElo "1953"]
[BlackElo "2091"]
[PlyCount "108"]
[EventDate "2008.10.17"]
[EventType "team-swiss"]
[EventRounds "7"]
[EventCountry "GRE"]
[SourceTitle "CBM 126 Extra"]
[Source "ChessBase"]
[SourceDate "2008.11.05"]
[SourceVersion "1"]
[SourceVersionDate "2008.11.05"]
[SourceQuality "1"]
[WhiteTeam "Thessaloniki Galaxias (W)"]
[BlackTeam "Herzliya (W)"]
[WhiteTeamCountry "GRE"]
[BlackTeamCountry "ISR"]

1. e4 d5 2. exd5 Nf6 3. Nf3 Nxd5 4. d4 Bg4 5. Be2 e6 6. 0-0 Be7 7. Be3 0-0 8. Nbd2 Nd7 9. Ne4 Nxe3 10. fxe3 c5 11. c3 Qc7 12. Nfg5 Bf5 13. Bd3 h6 14. Nf3 Rad8 15. Qe2 c4 16. Bc2 b5 17. Nf2 Bxc2 18. Qxc2 e5 19. Qf5 exd4 20. exd4 a6 21. Rae1 Nf6 22. Ng4 Nxg4 23. Qxg4 Bd6 24. Qh5 Rfe8 25. Nd2 Rxe1 26. Rxe1 g6 27. Qh4 Kg7 28. Ne4 g5 29. Nxg5 Be7 30. Ne6+ fxe6 31. Qg4+ Bg5 32. Re5 Kh8 33. h4 Bf6 34. Rxe6 Qd7 35. Qe4 Rf8 36. Rxa6 b4 37. Rb6 bxc3 38. bxc3 Bg7 39. Rb7 Qd6 40. Qe7 Qg3 41. a4 Qf2+ 42. Kh2 Qf4+ 43. Kg1 Rg8 44. a5 Qc1+ 45. Kh2 Qxc3 46. a6 Qxd4 47. g3 Qf2+ 48. Kh3 Qf5+ 49. g4 Qf3+ 50. Kh2 Qxg4 51. a7 Qf4+ 52. Kh1 Qc1+ 53. Kh2 Qd2+ 54. Kh3 Qc3+ 0-1

[Event "EU-Cup (Women) 09th"]
[Site "Izmir"]
[Date "2004.10.06"]
[Round "4.3"]
[White "Dushenok, Anna"]
[Black "Len, Irina"]
[Result "1-0"]
[WhiteElo "2238"]
[BlackElo "2105"]
[PlyCount "79"]
[EventDate "2004.10.03"]
[EventType "team-swiss"]
[EventRounds "7"]
[EventCountry "TUR"]
[SourceTitle "EXT 2013"]
[Source "ChessBase"]
[SourceDate "2012.11.22"]
[SourceVersion "1"]
[SourceVersionDate "2012.11.22"]
[SourceQuality "1"]
[WhiteTeam "St Petersburg Chigorin (W)"]
[BlackTeam "Herzliya (W)"]
[WhiteTeamCountry "RUS"]
[BlackTeamCountry "ISR"]

1. d4 Nf6 2. c4 e6 3. Nf3 d5 4. Nc3 Nbd7 5. cxd5 exd5 6. Bg5 Be7 7. e3 c6 8. Bd3 Nf8 9. Qc2 Ne6 10. Bh4 g6 11. 0-0 0-0 12. Rfd1 Ng7 13. Bxf6 Bxf6 14. b4 a6 15. a4 Bf5 16. Rac1 Bxd3 17. Qxd3 Nf5 18. b5 axb5 19. axb5 Ra3 20. bxc6 bxc6 21. Qc2 Qc7 22. Nb1 Ra6 23. Rd3 Rb8 24. Rc3 Rbb6 25. Nbd2 Qa7 26. Qd1 h5 27. g3 Kg7 28. Kg2 Ra3 29. Nb3 Qa4 30. Nfd2 g5 31. Qf3 Kg6 32. Nc5 Qb4 33. Ndb3 Ra2 34. Nd7 Qb5 35. Nf8+ Kg7 36. Qxf5 c5 37. Nd7 cxd4 38. Nxd4 Bxd4 39. exd4 Rg6 40. Rf3 1-0

[Event "EU-Cup (Women) 09th"]
[Site "Izmir"]
[Date "2004.10.03"]
[Round "1.3"]
[White "Len, Irina"]
[Black "Chelushkina, Irina"]
[Result "0-1"]
[WhiteElo "2105"]
[BlackElo "2373"]
[PlyCount "45"]
[EventDate "2004.10.03"]
[EventType "team-swiss"]
[EventRounds "7"]
[EventCountry "TUR"]
[SourceTitle "EXT 2013"]
[Source "ChessBase"]
[SourceDate "2012.11.22"]
[SourceVersion "1"]
[SourceVersionDate "2012.11.22"]
[SourceQuality "1"]
[WhiteTeam "Herzliya (W)"]
[BlackTeam "Podgorica Internet (W)"]
[WhiteTeamCountry "ISR"]
[BlackTeamCountry "SRB"]

1. d4 c5 2. d5 d6 3. c4 e6 4. Nc3 exd5 5. cxd5 a6 6. a4 Nf6 7. e4 g6 8. Be2 Bg7 9. Nf3 0-0 10. 0-0 Re8 11. Nd2 Nbd7 12. f4 Qc7 13. Qc2 Rb8 14. a5 b5 15. axb6 Nxb6 16. Nc4 Nxc4 17. Bxc4 Rb4 18. Bd3 Qd7 19. Ra4 Ng4 20. Nd1 Bd4+ 21. Kh1 Rxa4 22. e5 Ra1 23. e6 0-1

[Event "ISR-ch (Women)"]
[Site "Ramat Aviv"]
[Date "2004.09.28"]
[Round "8"]
[White "Len, Irina"]
[Black "Porat, Maya"]
[Result "1-0"]
[WhiteElo "2105"]
[BlackElo "2022"]
[PlyCount "125"]
[EventDate "2004.09.19"]
[EventType "swiss"]
[EventRounds "9"]
[EventCountry "ISR"]
[SourceTitle "CBM 102 Extra"]
[Source "ChessBase"]
[SourceDate "2004.11.03"]
[SourceVersion "1"]
[SourceVersionDate "2004.11.03"]
[SourceQuality "1"]

1. d4 d5 2. Nf3 Nf6 3. e3 e6 4. Bd3 Be7 5. Nbd2 0-0 6. 0-0 c5 7. b3 b6 8. Bb2 Bb7 9. Ne5 Nbd7 10. Ndf3 Ne4 11. Nxd7 Qxd7 12. Ne5 Qc7 13. f3 Nd6 14. c4 f6 15. Ng4 cxd4 16. cxd5 Bxd5 17. Rc1 Qd7 18. e4 Bb7 19. Bxd4 e5 20. Bb2 Kh8 21. Qe2 Rac8 22. Rcd1 Bc6 23. Ne3 Qc7 24. Rc1 Nf7 25. Kh1 Bc5 26. Bb5 Bxb5 27. Qxb5 Qb7 28. Nd5 a6 29. Qe2 Ng5 30. f4 exf4 31. Rxf4 Rce8 32. Nxf6 gxf6 33. Rxf6 Rxf6 34. Bxf6+ Kg8 35. Bxg5 Qxe4 36. Qd1 Qe2 37. h3 Qxd1+ 38. Rxd1 Re2 39. Rd2 Re5 40. Bf4 Re4 41. g3 Kf7 42. Kg2 Re6 43. Kf3 Bb4 44. Rd7+ Kg6 45. g4 h5 46. gxh5+ Kxh5 47. Rh7+ Kg6 48. Rh6+ Kf7 49. Rxe6 Kxe6 50. Kg4 Kf6 51. h4 b5 52. h5 a5 53. Bg5+ Kg7 54. a4 bxa4 55. bxa4 Be1 56. Kf5 Bc3 57. Ke6 Be1 58. Kd5 Bb4 59. Kc6 Be1 60. Kb5 Bb4 61. Bd8 Kh6 62. Bxa5 Be7 63. Bc7 1-0

[Event "ISR-ch (Women)"]
[Site "Tel Aviv"]
[Date "2002.11.28"]
[Round "4"]
[White "Vasiliev, Olga"]
[Black "Len, Irina"]
[Result "1-0"]
[WhiteElo "2160"]
[BlackElo "2134"]
[PlyCount "79"]
[EventDate "2002.11.24"]
[EventType "swiss"]
[EventRounds "9"]
[EventCountry "ISR"]
[SourceTitle "CBM 091 Extra"]
[Source "ChessBase"]
[SourceDate "2003.01.09"]
[SourceVersion "1"]
[SourceVersionDate "2003.01.09"]
[SourceQuality "1"]

1. e4 c5 2. Nf3 Nc6 3. d4 cxd4 4. Nxd4 Qb6 5. Nb3 Nf6 6. Nc3 e6 7. Bd3 Bb4 8. Be3 Qc7 9. f4 d6 10. 0-0 Bxc3 11. bxc3 a6 12. Qf3 e5 13. f5 h5 14. Bg5 Bd7 15. Rab1 Nd8 16. Nd2 Ng4 17. h3 Qc5+ 18. Kh1 f6 19. Bh4 Qxc3 20. Nc4 b5 21. Nb6 Ra7 22. Nxd7 Qc7 23. hxg4 hxg4 24. Qxg4 Qxd7 25. Kg1 g5 26. Bf2 Rc7 27. Rfd1 Qc6 28. Be3 Rch7 29. Kf2 Ke7 30. a4 Rh4 31. axb5 axb5 32. Qe2 g4 33. Rxb5 g3+ 34. Kxg3 Rxe4 35. Bxe4 Qxe4 36. Kf2 Rh2 37. Qf3 Qxc2+ 38. Rd2 Qc8 39. Rb6 Qc7 40. Rbxd6 1-0

[Event "ISR-ch (Women)"]
[Site "Tel Aviv"]
[Date "2002.11.27"]
[Round "3"]
[White "Len, Irina"]
[Black "Borsuk, Angela"]
[Result "1-0"]
[WhiteElo "2134"]
[BlackElo "2255"]
[PlyCount "121"]
[EventDate "2002.11.24"]
[EventType "swiss"]
[EventRounds "9"]
[EventCountry "ISR"]
[SourceTitle "CBM 091 Extra"]
[Source "ChessBase"]
[SourceDate "2003.01.09"]
[SourceVersion "1"]
[SourceVersionDate "2003.01.09"]
[SourceQuality "1"]

1. d4 Nf6 2. c4 g6 3. Nc3 Bg7 4. e4 d6 5. Nf3 0-0 6. Be2 Nc6 7. d5 Nb4 8. a3 Na6 9. 0-0 Nc5 10. Qc2 a5 11. Bg5 a4 12. Rad1 Bd7 13. Nd4 c6 14. dxc6 bxc6 15. e5 Ne8 16. exd6 Nxd6 17. Bf3 Qe8 18. Qe2 Ne6 19. Be3 Qc8 20. Rfe1 Re8 21. h4 Qa6 22. Nxe6 Bxe6 23. c5 Bc4 24. Qd2 Nb7 25. Qc1 Bb3 26. Rd7 Rad8 27. Rxd8 Rxd8 28. h5 Qc4 29. hxg6 hxg6 30. Bxc6 Na5 31. Bb5 Qg4 32. Be2 Qc8 33. Bf3 Nc6 34. Bd1 Nd4 35. Nxa4 Be6 36. b4 Qc6 37. Nb6 Qb5 38. Bg5 f6 39. Bf4 Kf7 40. Bc7 Rh8 41. Qe3 f5 42. Be5 Bxe5 43. Qxe5 Rd8 44. Bb3 Qc6 45. Ba4 Qb7 46. Bd1 Qb8 47. Qxb8 Rxb8 48. a4 Nc6 49. b5 Nb4 50. Rxe6 Kxe6 51. Bb3+ Ke5 52. Nd7+ Kd4 53. Nxb8 Kxc5 54. Nd7+ Kd4 55. Nb6 Kc5 56. Nd7+ Kd4 57. b6 Kc3 58. Bd1 Nc6 59. b7 e5 60. Nc5 Nb8 61. Bf3 1-0